[Event "GER-ch U10"]
[Site "Magdeburg"]
[Date "2014.06.11"]
[Round "7"]
[White "Ewerhardy, Moritz"]
[Black "Sulzbacher, Marijana"]
[Result "1/2-1/2"]
[WhiteElo "1190"]
[BlackElo "1016"]
[PlyCount "40"]
[EventDate "2014.06.08"]
[EventType "swiss"]
[EventRounds "11"]
[EventCountry "GER"]
[SourceTitle "CBM 160 Extra"]
[Source "ChessBase"]
[SourceDate "2014.07.01"]
[SourceVersion "1"]
[SourceVersionDate "2014.07.01"]
[SourceQuality "1"]

1. e4 e5 2. Nf3 Nf6 3. Nxe5 d6 4. Nf3 Nxe4 5. d4 d5 6. Bd3 Bf5 7. 0-0 f6 8. a3 Qd7 9. Re1 Nc6 10. c4 0-0-0 11. c5 Re8 12. Nbd2 g6 13. Qe2 Bg7 14. Qf1 Qd8 15. Nh4 Nxd4 16. b4 Bh6 17. Nxe4 dxe4 18. Nxf5 gxf5 19. Bb1 Bxc1 20. Rxc1 e3 1/2-1/2